Phoenix Suns 40 Point Games - Statistics

General Stats
  • This quiz has been taken 140 times
    5 since last reset
  • The average score is 17 of 36
Answer Stats
Player Max Nb % Correct
Amar'e Stoudemire 50 15
100%
Devin Booker 70 39
100%
Eddie Johnson 45 2
100%
Kevin Johnson 44 5
100%
Shawn Marion 44 1
100%
Steve Nash 42 2
100%
Bradley Beal 43 1
80%
Charles Barkley 45 3
80%
Jason Kidd 43 1
80%
Kevin Durant 45 7
80%
Tom Chambers 60 9
80%
Grayson Allen 42 1
60%
Larry Nance 45 4
60%
Walter Davis 45 9
60%
Alvan Adams 47 1
40%
Charlie Scott 44 7
40%
Dillon Brooks 40 1
40%
Gerald Green 41 1
40%
Goran Dragić 40 1
40%
Paul Westphal 49 6
40%
Shaquille O'Neal 45 1
40%
Stephon Marbury 43 6
40%
Clifford Robinson 50 2
20%
Connie Hawkins 44 2
20%
Dick Van Arsdale 46 3
20%
Eric Bledsoe 41 3
20%
Gail Goodrich 47 6
20%
Jamal Crawford 51 1
20%
T.J. Warren 40 1
20%
Truck Robinson 40 1
20%
Armen Gilliam 41 1
0%
Cedric Ceballos 40 3
0%
Keith Erickson 40 1
0%
Leandro Barbosa 41 1
0%
Neal Walk 42 1
0%
Tony Delk 53 1
0%
No matching quizzes found
Score Distribution
Percent of People with Each Score
Percentile by Number Answered
Your Score History
You have not taken this quiz since the last reset